name all harry styles songs and covers - Statistics

General Stats
  • This quiz has been taken 156 times
  • The average score is 38 of 50
Answer Stats
Hint Answer % Correct
fine line
94%
medicine
92%
watermelon sugar
92%
fine line golden
91%
kiwi
91%
matilda
91%
harry's house music for a sushi restaurant
91%
adore you
90%
cherry
90%
harry styles meet me in the hallway
90%
sign of the times
90%
sweet creature
89%
as it was
88%
boyfriends
88%
daydreaming
88%
ever since new york
88%
from the dining table
88%
late night talking
88%
she
87%
treat people with kindness
87%
woman
87%
anna
86%
carolina
86%
daylight
86%
falling
86%
grapejuice
86%
two ghosts
86%
keep driving
85%
love of my life
85%
only angel
85%
canyon moon
84%
little freak
84%
satellite
84%
cinema
83%
sunflower, vol.6
82%
lights up
81%
to be so lonely
78%
covers juice
71%
girl crush
68%
unreleased him
57%
the chain
56%
baby honey
55%
complicated freak
49%
hunger
45%
big yellow taxi
29%
sledgehammer
29%
ultralight beam
28%
wild thoughts
26%
wonderful christmastime
21%
still the one
16%
No matching quizzes found
Score Distribution
Percent of People with Each Score
Percentile by Number Answered
Your Score History
You have not taken this quiz